| 000 | 01147nam a2200505Ia 4500 | ||
|---|---|---|---|
| 001 | 10711 | ||
| 003 | 21528 | ||
| 005 | 20251109230850.0 | ||
| 008 | ||||||n9999 ||| || || | ||
| 041 | _aspa | ||
| 082 |
_221 _a658 |
||
| 100 |
_aNegri, P. _917851 |
||
| 245 | 0 | _aLa investigacion operativa como instrumento de la direccion | |
| 260 |
_aEspaña : _bIberica Europea de Ediciones, _c1967. |
||
| 300 | _a344p | ||
| 490 | _aLa empresa moderna | ||
| 562 | _e3 | ||
| 650 |
_aDIRECCIÓN DE EMPRESAS _912578 |
||
| 650 |
_aINVESTIGACIÓN OPERACIONAL _917852 |
||
| 650 | 0 |
_aProgramacion lineal _980 |
|
| 650 | 0 |
_aRentabilidad _98314 |
|
| 650 |
_aTEORIA DE JUEGOS _981 |
||
| 942 | _cBKM | ||
| 942 | _cBKM | ||
| 999 |
_c10711 _d10711 |
||
| 526 | _a102617 | ||
| 526 | _a102618 | ||
| 526 | _a15794 | ||
| 526 | _a102619 | ||
| 526 | _a102620 | ||
| 526 | _a10406 | ||
| 526 | _a105630 | ||
| 526 | _a1698 | ||
| 526 | _a116204 | ||
| 526 | _a4969 | ||
| 526 | _a19790 | ||
| 526 | _a104436 | ||
| 526 | _a5144 | ||
| 526 | _a51868 | ||
| 526 | _a3899 | ||
| 526 | _a9683 | ||
| 526 | _a | ||
| 526 | _a1703 | ||
| 526 | _a1697 | ||
| 526 | _a17598 | ||